[Event "1st Guwahati GM Open 2022"]
[Site "Guwahati"]
[Date "2022.03.16"]
[Round "4.12"]
[White "Arnab Debnath"]
[Black "Rios, Cristhian Camilo"]
[Result "0-1"]
[WhiteElo "1496"]
[BlackElo "2449"]
[Annotator "TA"]
[PlyCount "62"]
[EventDate "2022.03.15"]
[EventCountry "IND"]
[SourceTitle "playchess.com"]
[Source "ChessBase"]
[SourceQuality "1"]

{[%evp 12,61,17,9,13,0,-3,0,20,0,11,6,15,16,18,0,0,0,16,7,7,12,61,-24,10,-78,-76,-133,-95,-209,-208,-281,-275,-245,-122,-409,-429,-376,-333,-572,-556,-1371,-1342,-1212,-1161,-29991,-29992,-29992,-29993,-29998,-29999,-29999]} 1. e4 c5 2. Nf3 Nc6 3. Bb5 g6 4. Bxc6 dxc6 5. d3 Bg7 6. Nc3 e5 7. Be3 Qe7 {B31: Sicilian: 2...Nc6 3 Bb5 g6.} 8. Nd2 Nf6 9. h3 {Prevents Ng4.} Nd7 {The position is equal.} 10. a4 Nf8 11. a5 Ne6 12. Na4 O-O 13. Nb3 {[%cal Ra4c5]} c4 $1 14. dxc4 f5 {[#]} (14... Rd8 $5 {[%cal Rd8d1]} 15. Qe2 Nf4 16. Bxf4 exf4 $11) 15. exf5 $146 ({Predecessor:} 15. Kf1 Qh4 16. Nac5 f4 17. Bd2 Rd8 18. Qe1 Qe7 19. Nd3 Qf7 20. f3 Nf8 21. Nbc5 Qxc4 {1-0 (43) Matros,A (2433)-Bator,R (2480) Sweden 1999}) 15... gxf5 16. Qe2 Qf7 (16... b6 $11) 17. Nac5 ({White should play} 17. O-O-O $1 $14) 17... Re8 {[%mdl 1024] Black has compensation.} 18. O-O-O {[#]} (18. O-O $11) 18... b6 $1 $36 {[%mdl 2048] Black is really pushing.} 19. Nd3 (19. Nxe6 $142 Bxe6 20. c5) 19... c5 {...Ba6 is the strong threat.} 20. Bd2 {[#]} (20. f3 $17 {was necessary.}) 20... Ba6 $1 $19 21. Rde1 e4 ({Stronger than} 21... Bxc4 22. Nxe5 Bxe2 23. Nxf7 Kxf7 24. Rxe2 $11) 22. Nf4 Nd4 (22... Nxf4 $19 {and Black stays clearly on top.} 23. Bxf4 Bxc4) 23. Nxd4 {[%mdl 8192] White does not recover from this.} (23. Qh5 $17 {is a better defense.}) 23... cxd4 ({Inferior is} 23... Bxc4 24. Qh5 cxd4 25. Qxf7+ Kxf7 26. g4 $17) 24. b3 Qf8 25. Kb1 $2 (25. Kd1 {keeps fighting.} d3 26. cxd3) 25... bxa5 26. Bxa5 Qa3 {And now ...d3 would win.} 27. Qd2 {Inhibits d3.} Rab8 {[%cal Od4d3] ( -> ...d3!)} ({Wrong is} 27... d3 $2 28. Bc3 Reb8 29. Bxg7 dxc2+ 30. Qxc2 Rxb3+ 31. Bb2 $19) 28. Nh5 d3 {[%csl Gg7][%cal Ra3a1] Black mates.} 29. Nxg7 dxc2+ 30. Kxc2 Qxb3+ 31. Kc1 Qb1# {Weighted Error Value: White=0.81/Black=0.18 (very precise)} 0-1

[Event "1st Guwahati GM Open 2022"]
[Site "Guwahati"]
[Date "2022.03.16"]
[Round "4.13"]
[White "Visakh N R"]
[Black "Srija, Seshadri"]
[Result "1-0"]
[WhiteElo "2522"]
[BlackElo "2219"]
[Annotator "TA"]
[PlyCount "103"]
[EventDate "2022.03.15"]
[EventCountry "IND"]
[SourceTitle "playchess.com"]
[Source "ChessBase"]
[SourceQuality "1"]

{[%evp 14,103,7,0,0,0,0,0,0,0,3,12,8,0,2,0,0,-15,0,-9,0,0,0,0,-7,-64,0,0,0,0,0,0,0,0,0,0,0,0,19,14,15,0,37,13,14,20,20,12,13,0,57,33,22,14,202,203,204,200,202,166,337,321,311,310,328,308,295,219,293,280,267,264,269,265,346,339,325,295,497,497,490,490,490,490,490,490,483,475,468,454,29974,29972]} 1. d4 d5 2. c4 c6 3. Nc3 Nf6 4. e3 e6 5. Nf3 Nbd7 6. Be2 {[%cal Bf1e2,Be2d3,Bd3f5][%mdl 32]} Bd6 7. O-O O-O 8. b3 b6 {D45: Semi-Slav: 5 e3.} 9. Bb2 Bb7 10. Bd3 Qe7 {The position is equal.} 11. Re1 c5 12. cxd5 exd5 {[#]} 13. Bf5 $146 {[%cal Oe3e4]} ({Predecessor:} 13. Nb5 Bb8 14. Bf5 g6 15. Bh3 Ne4 16. dxc5 bxc5 17. Nc3 Ndf6 18. Qc2 Bd6 19. Rac1 {1-0 (99) Gumularz,S (2515)-Mendonca,L (2557) Paleochora 2021}) 13... Rad8 14. Rc1 Rfe8 15. Ne2 Ne4 16. Ng3 Ndf6 17. Qc2 g6 18. Bxe4 dxe4 19. Nd2 (19. dxc5 $1 $11 Bxc5 20. Nd2) 19... Ng4 ({Black should try} 19... cxd4 $15 20. Bxd4 Ba3) 20. dxc5 $11 bxc5 21. h3 ({Much weaker is} 21. Qc3 Be5 22. Qc2 Qh4 $17) 21... Nxf2 22. Kxf2 {Ne2 is the strong threat.} Bxg3+ 23. Kxg3 {And now Nc4 would win.} Qd6+ 24. Kf2 $1 {Hoping for Red1.} Qxd2+ 25. Re2 {[%cal Be1e2,Be2c2,Bc2c5,Bc5b5][%mdl 32]} Qxc2 26. Rexc2 Rd3 27. Ba1 h5 28. Rxc5 {Black must now prevent Rc7.} Rd2+ 29. Kg1 Rxa2 30. Bd4 Ra3 31. Rb5 {[%mdl 1024] White has compensation.} Ba8 (31... Ba6 $11 32. Rb4 Ra8) 32. Rc7 a6 33. Re5 Rb8 {This move loses the game for Black.} (33... Rxe5 $11 {and Black is okay.} 34. Bxe5 f6) 34. Rec5 $1 $18 {White wants to mate with Rc8+.} Rf8 {[#]} 35. Be5 $1 {Threatens to win with Bd6.} Rxb3 {[#]} 36. Bd6 $1 Re8 (36... Rxe3 $2 37. Bxf8 Kxf8 38. Rc8+ Kg7 39. Rxa8 $18) (36... Rbb8 {was necessary.}) 37. Rc8 Rxc8 (37... Rb1+ $2 38. Kf2 Rxc8 39. Rxc8+ Kh7 40. Rxa8 $18) 38. Rxc8+ Kh7 39. Rxa8 Rxe3 {[%mdl 4096] Endgame KRB-KR} 40. Ra7 ({Resist} 40. Rxa6 $6 Rd3 41. Kf1 f5 $18) 40... g5 41. Rxf7+ Kg6 42. Rc7 Rd3 43. Bc5 g4 44. hxg4 hxg4 45. Kf2 g3+ $2 (45... a5 {keeps fighting.} 46. Be3 Ra3) 46. Ke2 Rc3 47. Bb6 Ra3 48. Be3 Ra1 49. Rc5 Ra2+ 50. Bd2 Ra3 51. Rc3 Rxc3 (51... Ra2 $18 52. Rxg3+ Kf6) 52. Bxc3 {Weighted Error Value: White=0.05 (flawless) /Black=0.47} 1-0

[Event "1st Guwahati GM Open 2022"]
[Site "Guwahati"]
[Date "2022.03.16"]
[Round "4.14"]
[White "Deepan Chakkravarthy J."]
[Black "Joel Paul Ganta"]
[Result "1-0"]
[WhiteElo "2520"]
[BlackElo "2004"]
[Annotator "TA"]
[PlyCount "82"]
[EventDate "2022.03.15"]
[EventCountry "IND"]
[SourceTitle "playchess.com"]
[Source "ChessBase"]
[SourceQuality "1"]

{[%evp 12,82,15,16,15,8,9,18,37,28,25,35,31,8,63,55,52,41,51,42,51,61,83,84,167,157,166,167,154,173,158,148,156,157,156,156,153,143,189,180,181,165,181,188,178,185,178,180,542,414,369,31,2670,52,29,29,27,22,41,11,42,43,1713,78,1931,254,222,57,1194,-79,592,593,1359]} 1. Nf3 Nf6 2. c4 e6 3. Nc3 d5 4. d4 Bb4 5. Qa4+ Nc6 6. e3 O-O 7. Bd2 Bd7 {[%cal Oc6d4] Strongly threatening ...Nxd4! D38: Queen's Gambit Declined: Ragozin Defence (4 Nf3 Bb4).} 8. Qc2 dxc4 9. Bxc4 Ne7 {The position is equal.} 10. a3 Bxc3 11. Bxc3 Bc6 {[#] To avoid e4} 12. O-O $146 ({Predecessor:} 12. Qe2 Ne4 13. Rc1 Nxc3 14. Rxc3 Nf5 15. O-O Bxf3 16. Qxf3 c6 17. Bd3 Ne7 18. b4 {1-0 (50) Yuan,Q (2355)-Xie,K (1969) Daqing 2019}) 12... Be4 (12... Bxf3 $11 13. gxf3 Nf5) 13. Qe2 $14 Ned5 {[%cal Oc7c5]} 14. Bd2 Nd7 15. Rac1 c6 16. Rfd1 Qf6 {[#]} 17. Ne1 $1 e5 {[#]} (17... Rfd8 $16) 18. f3 $1 $18 Bg6 19. e4 N5b6 20. dxe5 Nxe5 21. Ba2 Rfe8 22. Qf2 Rad8 23. Bc3 Qe7 24. h3 Ned7 (24... Rxd1 $16 25. Rxd1 Na4) 25. Nd3 (25. Qd4 $6 Nf6 26. Qf2 Rxd1 27. Rxd1 c5 $16) 25... Kh8 26. Nf4 ({Don't play} 26. Qd4 f5) 26... Nf8 27. Bb3 f6 28. Bb4 {This bishop pair is nice.} Qc7 29. Qg3 Re5 $2 (29... Qe5 30. Rxd8 Rxd8) 30. Bxf8 Rxf8 31. Qf2 $2 ({Not} 31. Nxg6+ hxg6 32. Rc5 (32. Qxg6 $2 Rg5 $19) 32... g5 $18) (31. Ne6 $18 Qf7 32. Nxf8 Qxf8 33. Rc2) 31... h6 $2 {[%mdl 8192]} 32. Rd2 $2 (32. Nxg6+ $18 Kh7 33. Nxf8+ Kh8 34. Ng6+ Kh7 35. Nf8+ Kh8 36. Qg3) 32... Bf7 $14 33. Bxf7 $40 {[%mdl 128] White mounts an attack.} Qxf7 34. Rcd1 Kh7 35. Rd8 Qb3 36. R1d3 Qe6 $2 {[%mdl 8192]} 37. h4 $2 (37. Nxe6 $18 Rxd8 38. Nxd8) 37... f5 $2 {[%mdl 8192]} 38. R3d6 $2 (38. Nxe6 Rxd8 39. Nxd8) 38... Qf7 $18 39. Qd4 $2 (39. Rxf8 $18 Qxf8 40. Qd4) 39... Qe7 {[%mdl 8192]} (39... Rxd8 $14 40. Rxd8 Re8) 40. exf5 $2 ({White should try} 40. Ng6 $18 Qxd8 41. Rxd8 Rxd8 42. Qxd8 Kxg6 43. Qd6+ Kf7 44. Qxe5 fxe4 45. Qc7+ Ke8 46. fxe4) 40... Nd5 $2 {[%mdl 8192]} (40... Re1+ $17 {keeps the pressure on.} 41. Kh2 Qxh4+ 42. Nh3 Qxd4 43. Rxd4 Rxf5) 41. R8d7 Qe8 {Weighted Error Value: White=0.87/Black=0.48} 1-0

[Event "1st Guwahati GM Open 2022"]
[Site "Guwahati"]
[Date "2022.03.16"]
[Round "4.15"]
[White "Karthikeyan, P.."]
[Black "Vaibhav Jayant Raut"]
[Result "1-0"]
[WhiteElo "2396"]
[BlackElo "2198"]
[Annotator "TA"]
[PlyCount "71"]
[EventDate "2022.03.15"]
[EventCountry "IND"]
[SourceTitle "playchess.com"]
[Source "ChessBase"]
[SourceQuality "1"]

{[%evp 19,71,18,12,0,0,0,0,-10,0,0,0,-9,0,0,0,0,10,23,34,34,32,35,123,112,125,116,178,145,153,150,160,152,147,147,117,125,133,124,226,231,235,159,166,92,818,818,809,779,4786,4529,1100,1052,935,752]} 1. e4 c5 2. Nf3 Nc6 3. Bb5 g6 4. O-O Bg7 5. c3 Nf6 6. Re1 O-O 7. d4 cxd4 8. cxd4 d5 9. e5 Ne4 10. Bxc6 bxc6 11. Be3 $1 {[%mdl 4] is currently scoring better than 11.Nbd2. B31: Sicilian: 2...Nc6 3 Bb5 g6.} f6 12. exf6 exf6 13. Qc1 {The position is equal.} Qb6 14. Nc3 {[#]} Re8 $146 ({Predecessor:} 14... Nxc3 15. Qxc3 a5 16. Rec1 Bd7 17. Ne1 Qb4 18. Qc2 Qb5 19. Qd2 Rfb8 20. b3 Bf5 {0-1 (38) Shuvalova,P (2516)-Maghsoodloo,P (2701) Chess.com INT 2022}) 15. h3 Bd7 16. Nxe4 dxe4 17. Nd2 {[%cal Od4d5]} f5 18. Nc4 Qa6 19. Ne5 Bxe5 20. dxe5 Be6 (20... Qb5 $14) 21. Bg5 $1 $16 Bd5 22. Bf6 Rab8 (22... Qa5 $16) 23. Qh6 {[%csl Gf6][%cal Rh6g7]} Qb7 {Prevents Qg7+.} 24. h4 {[%cal Bh3h4,Bh4h5][%mdl 32]} Qf7 25. h5 {Strongly threatening Re3.} Re6 (25... Rxb2 $2 26. Re3 Qf8 27. Qg5 $18) 26. Re3 {[%cal Be1e3,Be3g3,Bg3h3][%mdl 32] hxg6 is the strong threat.} Rxf6 (26... Rxb2 $2 27. hxg6 Qxg6 28. Rg3 Rxf6 29. exf6 Qxg3 30. fxg3 $18) 27. exf6 Qxf6 28. Rg3 {[%cal Rh5g6]} Bf7 (28... Qxb2 $2 29. hxg6 $1 Qxa1+ 30. Kh2 $18) (28... Qg7 $16 29. Qxg7+ Kxg7) 29. Rd1 $18 Rxb2 30. Qf4 {Inhibits Rb8.} ({Don't play} 30. Rd7 Qh4 31. Qc1 Qf6 32. Rxa7 Rb8) 30... Bd5 {[#]} (30... Rxa2 31. Qb8+ Kg7 32. h6+ Kxh6 33. Qf8+ Kh5 34. Rd6 $18) (30... Bxa2 $2 31. Rd6 Be6 32. hxg6 hxg6 33. Qh6 $18) 31. Qc7 {Inhibits Rb7.} ({White should try} 31. hxg6 $1 $18 hxg6 32. Qc7) 31... Rxa2 $2 {[%mdl 8192] Black cannot hold the game after this.} (31... f4 $16 32. Rg4 (32. hxg6 $2 fxg3 33. gxh7+ Kh8 $19) 32... g5) 32. hxg6 {White is clearly winning.} hxg6 33. Rh3 {Intending Qb8+ and mate.} Qg7 34. Qd8+ Kf7 35. Rxd5 {White threatens Qd7+ and mate.} Ra1+ 36. Rd1 {Weighted Error Value: White=0.10 (very precise) /Black=0.23 (precise)} 1-0

[Event "1st Guwahati GM Open 2022"]
[Site "Guwahati"]
[Date "2022.03.16"]
[Round "4.16"]
[White "Borgaonkar Akshay"]
[Black "Sidhant, Mohapatra"]
[Result "1/2-1/2"]
[WhiteElo "1985"]
[BlackElo "2359"]
[Annotator "TA"]
[PlyCount "100"]
[EventDate "2022.03.15"]
[EventCountry "IND"]
[SourceTitle "playchess.com"]
[Source "ChessBase"]
[SourceQuality "1"]

{[%evp 11,100,16,55,4,7,2,13,14,6,9,9,0,62,29,21,30,40,14,11,17,16,0,3,0,7,16,24,24,77,56,79,84,95,50,52,49,63,66,362,100,209,195,163,145,433,162,573,563,781,489,478,469,580,312,290,295,256,85,84,100,112,69,137,137,137,149,138,146,145,150,155,141,140,75,214,215,4133,4133,4133,1781,887,879,872,850,838,67,67,67,67,67,476]} 1. e4 e5 2. Nf3 Nc6 3. Bb5 a6 4. Ba4 d6 5. O-O Bd7 6. c4 g6 7. Nc3 {C72: Ruy Lopez: Deferred Steinitz: 5 0-0.} (7. d4 $14) 7... Bg7 $11 8. d3 Nge7 9. Nd5 {The position is equal.} O-O 10. Bg5 f6 11. Be3 {[#]} Nb8 $146 ({Black should try} 11... Kh8 $11) ({Predecessor:} 11... Be6 12. Rc1 Kh8 13. Qd2 g5 14. Kh1 Ng6 15. Ng1 Nd4 16. Bd1 c6 17. Nc3 b5 {½-½ (30) Longson,A (2338)-Nelson,J (2228) Gallipoli 2014}) 12. Nxe7+ Qxe7 13. c5 Kh8 14. Rc1 Nc6 15. Qb3 Rab8 16. cxd6 cxd6 {And now ...b5 would win.} 17. Bb6 f5 18. Rfe1 Rbc8 19. Qa3 g5 (19... Rfe8 $11) 20. exf5 $16 g4 21. Nd2 {Threatens to win with Ne4.} Rxf5 22. Ne4 (22. d4 $1 $16 {[%cal Rd4d5] Black must now prevent d5.} Bh6 23. Rcd1) 22... Bf8 $1 $14 23. Ng3 {aiming for Bxc6.} Rf6 24. d4 {Strongly threatening d5.} Rh6 $2 {[%mdl 8192]} (24... Bh6 $2 25. Rcd1 Bf8 26. dxe5 Nxe5 27. Rxe5 $1 {[%mdl 512]} dxe5 28. Qxe7 Bxe7 29. Bxd7 $18) (24... Qf7 $14) 25. dxe5 $2 (25. d5 $18) 25... Qh4 (25... dxe5 $16 {keeps fighting.} 26. Qxe7 Nxe7 27. Bxd7 Rxc1 28. Rxc1 Rxb6) 26. exd6 $1 $18 {Active counter play!} Qxh2+ (26... Bxd6 $2 27. Qc3+ Rf6 28. Qd2 $18) 27. Kf1 Bg7 $2 {[%mdl 8192]} (27... Rxd6 $16 28. Qb3 a5) 28. Be3 $2 (28. Qd3) 28... Rf6 $2 {[#]} (28... Re6 {is more resistant.}) 29. Bd4 $1 {[%mdl 512]} Rcf8 (29... b5 30. Bxf6) 30. Bxf6 Bxf6 31. Bxc6 bxc6 32. Rc5 Bd4 {[%csl Gd4][%cal Rf8f2]} 33. Re2 {Rh5 is the strong threat.} Qh6 (33... Bxc5 34. Qxc5 Qxg3 35. Qd4+ Kg8 36. Re7 Rxf2+ 37. Qxf2 Qd3+ 38. Kg1 Qd1+ 39. Qf1 Qxf1+ 40. Kxf1 $18) 34. Qb4 $2 (34. Rcc2 $18 {has better winning chances.}) 34... Qxd6 $16 {[%mdl 64] Pin} 35. Ne4 Bxc5 36. Qxc5 (36. Nxd6 $2 {too greedy.} Bxb4 37. Re7 Bxd6 $19) ({Better is} 36. Nxc5 $16 Bf5 37. Qc3+ (37. Nxa6 Qxb4 38. Nxb4 c5 $11) 37... Kg8 38. Kg1) 36... Qd1+ (36... Qxc5 $14 37. Nxc5 Bf5) 37. Re1 {[%cal Rc5f8]} Qd3+ 38. Kg1 {[%cal Rc5f8]} Re8 {[#]} 39. Re3 $1 $40 {[%mdl 128] White wants a kill.} Qd1+ (39... Qb1+ $2 40. Kh2 Qxb2 41. Ng3 $18) 40. Kh2 {White threatens Nf6 and mate.} Qd5 41. Qxd5 $1 cxd5 42. Nc5 (42. Nf6 $142 Rxe3 43. fxe3) 42... Rxe3 (42... d4 $16 {was worth a try.} 43. Rd3 Bf5 44. Rxd4 Re2) 43. fxe3 {[%mdl 4096] Endgame KB-KN} Bc8 (43... Bb5 44. Kg3 Kg7) 44. b4 $1 $18 Kg7 45. a4 $1 Kf6 {[#]} 46. b5 $1 axb5 47. axb5 h5 {[#]} 48. Kg3 $2 ({White has to play} 48. b6 $1 $18 {[%cal Rb6b7]} h4 49. b7 Bxb7 50. Nxb7) 48... Kg5 $14 {White is slightly better.} 49. b6 h4+ 50. Kf2 {Hoping for b7.} g3+ $2 {[%mdl 40960] Weighted Error Value: White=0.48/Black=0.58. An unexpected result.} (50... Kf5 $14) 1/2-1/2

[Event "1st Guwahati GM Open 2022"]
[Site "Guwahati"]
[Date "2022.03.16"]
[Round "4.17"]
[White "Muhammed, Shuaau"]
[Black "Manish Anto Cristiano F"]
[Result "0-1"]
[WhiteElo "1970"]
[BlackElo "2236"]
[Annotator "TA"]
[PlyCount "70"]
[EventDate "2022.03.15"]
[EventCountry "IND"]
[SourceTitle "playchess.com"]
[Source "ChessBase"]
[SourceQuality "1"]

{[%evp 16,70,29,20,37,-8,-14,-16,29,0,0,0,48,-9,147,159,175,131,140,73,118,109,109,0,0,0,0,0,0,-23,-23,-19,0,0,0,0,0,0,0,0,0,-31,-38,-25,-26,-37,-10,-29,-36,-46,-60,-48,0,0,0,-631,-589]} 1. e4 c5 2. Nf3 d6 3. d4 cxd4 4. Nxd4 Nf6 5. Nc3 a6 6. f3 e5 7. Nb3 Be6 8. Be3 Nbd7 9. g4 Be7 {B90: Sicilian Najdorf: Unusual White 6th moves, 6 Be3 Ng4 and 6 Be3 e5.} 10. g5 (10. Qd2 $14 {should be considered.}) 10... Nh5 $11 11. Qd2 Nf4 (11... h6 {is more appropriate.}) 12. Bxf4 (12. O-O-O {looks sharper.} Bxg5 13. Qxd6 Be7 14. Qd2 O-O 15. Rg1) 12... exf4 13. O-O-O (13. Qxf4 Bxg5 14. Qxd6 Qf6 $17) 13... Ne5 {[#]} (13... Bxg5 $11 14. Qxd6 Qb8) 14. Nd4 $146 ({White should try} 14. h4 $14) ({Predecessor:} 14. h4 Nxf3 15. Qf2 Ne5 16. Qxf4 h6 17. Be2 Ng6 18. Qf2 hxg5 19. Nd4 gxh4 20. Rhg1 {1-0 (33) Bjerre,J (2503)-Travadon,L (2403) Budapest 2019}) 14... Bd7 $2 ({Better is} 14... Bxg5 $11 15. h4 Bxh4) 15. h4 $16 h6 16. gxh6 (16. Qxf4 hxg5 17. Qe3 Rxh4 $11) (16. Be2 $18) 16... Rxh6 17. h5 (17. Qxf4 $6 Bg5 18. hxg5 Rxh1 $14) (17. Bh3 $142) 17... Qa5 (17... Kf8 $142) 18. Kb1 (18. Qxf4 $2 {[#]} Bg5 $1 {[%mdl 512]} 19. Qxg5 Nd3+ $1 {[%mdl 512]} 20. Bxd3 Qxg5+ 21. Kb1 Rxh5 $19) 18... Nc6 19. Bh3 ({White should play} 19. Nb3 $16 Qe5 20. Nd5) 19... Bxh3 $11 20. Rxh3 {aiming for Nf5.} Nxd4 21. Qxd4 Bf6 22. Qa4+ ({Wrong is} 22. Qxd6 $2 Bxc3 23. Qd7+ Kf8 $19) 22... Qxa4 23. Nxa4 O-O-O 24. Nb6+ Kb8 25. c4 g6 26. Rdh1 $1 ({Much weaker is} 26. Nd5 Be5 $15) 26... Be5 27. hxg6 $1 Rxg6 28. R1h2 Ka7 29. Nd5 Rc8 30. b3 Rg1+ 31. Kc2 Rcg8 32. Rh7 Ra1 {Threatens to win with ...Rg3.} 33. Kd3 Rgg1 (33... Rg3 $15 34. Rf2 (34. Rxf7 $2 Rxf3+ 35. Ke2 Rg3 $19) 34... Rd1+ 35. Kc2 Rgg1) 34. Rxf7 Rgd1+ 35. Ke2 $2 {[%mdl 8192] [#]} (35. Rd2 $11) 35... Rxd5 $1 {[%mdl 512] Never resign too early!  Weighted Error Value: White=0.39/Black=0.21 (precise)} 0-1

[Event "1st Guwahati GM Open 2022"]
[Site "Guwahati"]
[Date "2022.03.16"]
[Round "4.18"]
[White "Dutta Samaritan"]
[Black "Divya Deshmukh"]
[Result "1/2-1/2"]
[WhiteElo "1602"]
[BlackElo "2301"]
[Annotator "TA"]
[PlyCount "84"]
[EventDate "2022.03.15"]
[EventCountry "IND"]
[SourceTitle "playchess.com"]
[Source "ChessBase"]
[SourceQuality "1"]

{[%evp 16,84,18,-10,13,-2,22,22,9,0,14,10,7,-66,-66,-74,45,50,56,70,59,62,60,35,37,33,31,41,115,110,99,106,102,68,66,65,66,69,67,7,7,4,10,0,0,0,43,28,34,34,40,27,17,0,0,0,0,9,8,0,0,0,0,0,0,0,40,0,0,0,0]} 1. e4 c5 2. Nf3 d6 3. g3 Nf6 4. d3 g6 5. Bg2 Bg7 6. O-O Nc6 7. c3 O-O 8. Nbd2 {[%cal Bb1d2,Bd2f1,Bf1e3,Be3d5,Bd5f6][%mdl 32]} Rb8 9. a4 $1 {9.a4 scores better than 9.Re1.} b6 {A05: Réti Opening: 1 Nf3 Nf6.} 10. Re1 Ba6 11. d4 {[#]} e6 $146 {Inhibits d5.} ({Predecessor:} 11... cxd4 12. Nxd4 Nxd4 13. cxd4 e5 14. Nf3 Re8 15. d5 h6 16. b4 Bc8 17. Bf1 a6 {1-0 (55) Bravo Lutz,S (2221)-Isserman,R (2283) Germany 2016}) 12. Nf1 Qc7 13. Bf4 {With the idea dxc5.} e5 14. Bg5 ({Better is} 14. dxe5 $1 $11 dxe5 15. Bg5) 14... exd4 $1 $15 15. cxd4 {[%cal Oa4a5]} Nd7 (15... Rbe8 $17 16. dxc5 bxc5) 16. Ne3 $1 $14 Rbe8 (16... Nxd4 $2 17. Nxd4 (17. Nd5 Nxf3+ 18. Bxf3 Qb7 $18) 17... cxd4 18. Nd5 $18) 17. Nd5 Qb8 {[%cal Rc6d4]} 18. Bh3 Bc8 {[%cal Rc6d4]} 19. Bxd7 (19. Qd2 {is more complex.} f6 20. Bh6 Rf7 21. Bxg7 Kxg7 22. Bf1) 19... Bxd7 20. Nf6+ Bxf6 21. Bxf6 {[#] Hoping for Qd2.} Nxd4 (21... Re6 $14 22. Bg5 cxd4) 22. Nxd4 $16 cxd4 23. Qxd4 {Threatens to win with Bg7.} Re6 24. Bg7 {Strongly threatening Bh6.} Rfe8 $1 25. Bh8 {[%csl Gh8][%cal Rd4g7] White is much more active.} f6 $1 26. Bxf6 Bc6 {[%cal Rc6e4]} 27. Re3 ({White should play} 27. f3 $14) 27... Rxe4 $11 28. Rxe4 Rxe4 29. Qd2 Qf8 30. Rc1 Bb7 {[#]} (30... Qe8 $11) 31. Rc7 $1 $14 Qxf6 32. Rxb7 $11 {[%mdl 4096] Endgame And now Qh6 would win. KQR-KQR} Re7 33. Qd5+ (33. Rb8+ {is interesting.} Kg7 34. Rc8 Rd7 35. Rc6 Qe5 36. Rc4) 33... Kg7 $1 34. Rxe7+ Qxe7 {KQ-KQ} 35. Kg2 Qc7 36. b4 Kf6 37. h4 h5 38. Qg5+ Kg7 39. Qd5 a5 40. b5 Qc5 41. Qc6 Kf6 42. Qe8 Qd5+ {Weighted Error Value: White=0.14 (very precise) /Black=0.14 (very precise)} 1/2-1/2

[Event "1st Guwahati GM Open 2022"]
[Site "Guwahati"]
[Date "2022.03.16"]
[Round "4.19"]
[White "Tahbaz, Arash"]
[Black "Iftikar Alom Mazumdar"]
[Result "1-0"]
[WhiteElo "2469"]
[BlackElo "1748"]
[Annotator "TA"]
[PlyCount "71"]
[EventDate "2022.03.15"]
[EventCountry "IND"]
[SourceTitle "playchess.com"]
[Source "ChessBase"]
[SourceQuality "1"]

{[%evp 20,71,38,25,39,25,24,15,26,29,30,11,50,48,39,34,35,17,27,14,52,36,125,122,128,133,139,147,150,128,138,87,104,39,154,154,154,154,150,150,143,125,131,104,193,184,293,279,646,647,735,706,932,884]} 1. d4 Nf6 2. c4 e6 3. Nf3 Bb4+ 4. Bd2 Qe7 5. g3 Nc6 6. Bg2 O-O 7. O-O Bxd2 8. Qxd2 d6 9. Nc3 e5 10. d5 {10.Nd5 injects fresh life into this line.} Nb8 {[%cal Bc6b8,Bb8a6,Ba6c5,Bc5b3][%mdl 32]} 11. e4 a5 {E11: Bogo-Indian.} 12. b3 {[%cal Bb2b3,Bb3b4][%mdl 32]} Na6 13. a3 Bg4 {[#] The position is equal.} 14. Rab1 $146 ({Predecessor:} 14. Qc2 c6 15. Nd2 Bd7 16. Qb2 Nc7 17. b4 b5 18. dxc6 Bxc6 19. Nd5 Bxd5 20. cxd5 {1-0 (53) Bocharov,D (2567)-Grebenschikova,N (2091) Ufa 2004}) 14... Nc5 15. Qe3 a4 16. b4 Nb3 17. Nxa4 Nd4 18. Nb2 Bxf3 19. Bxf3 Nc2 {Pair of Knights!} 20. Qc3 (20. Qd3 {is more complex.} Nd4 21. Ra1 Ra7 22. a4 Rfa8 23. Ra3) 20... Rxa3 (20... Nd4 $1 $14) 21. Qxc2 $16 Rxf3 22. Ra1 {Hoping for Kg2.} Nd7 23. Kg2 Rf6 24. Ra7 Rb8 25. Nd3 (25. Nd1 $142) 25... Rh6 26. c5 (26. f3 $16) 26... Nf6 ({Black should play} 26... f5 $1 $14) 27. f3 g5 28. Nf2 {To avoid g4} Rg6 29. h3 h5 30. Rc1 {[%cal Bf1c1,Bc1c7,Bc7f7][%mdl 32]} Ne8 31. Qa4 {White is much more active.} Kh7 (31... Qd8 $16 32. Qa5 Qd7) 32. Qb5 Ng7 (32... Qd8 {keeps fighting.} 33. Rxb7 Ra8) 33. Rxb7 $18 Ra8 {[#]} (33... Rc8 34. Ra7 Ne8) 34. cxd6 {White is clearly winning.} Qxd6 35. Rcxc7 Ra1 36. Rxf7 {Weighted Error Value: White=0.11 (very precise) /Black=0.44} 1-0